[Event "GER-chT U12"]
[Site "Magdeburg"]
[Date "2023.12.27"]
[Round "1.4"]
[White "Meitzner, Johan Eduard"]
[Black "Nguyen, Bach Khoi"]
[Result "1-0"]
[WhiteElo "1383"]
[BlackElo "1262"]
[PlyCount "116"]
[EventDate "2023.12.26"]
[EventType "team-swiss"]
[EventRounds "7"]
[EventCountry "GER"]
[SourceTitle "CB03_2024"]
[SourceDate "2024.01.17"]
[SourceVersion "1"]
[SourceVersionDate "2024.01.17"]
[SourceQuality "1"]
[WhiteTeam "Eichsfeld"]
[BlackTeam "Oberschoeneweide"]
[WhiteTeamCountry "GER"]
[BlackTeamCountry "GER"]

1. d4 d5 2. Bf4 Nf6 3. e3 e6 4. Bd3 c5 5. c3 Bd6 6. Bg3 Qc7 7. Nf3 Nbd7 8. Nbd2 0-0 9. e4 dxe4 10. Bxd6 Qxd6 11. Nxe4 Nxe4 12. Bxe4 cxd4 13. 0-0 Nf6 14. Bc2 Rd8 15. Nxd4 Qe7 16. Qf3 Qc5 17. Rad1 Bd7 18. Rfe1 Qd5 19. Bb3 Qxf3 20. Nxf3 Bc6 21. Nd4 Bd5 22. c4 Be4 23. f3 Bg6 24. Nb5 h6 25. Nd6 Rd7 26. Re2 Rad8 27. Red2 Ne8 28. c5 Nxd6 29. cxd6 a6 30. a4 b5 31. Kf2 Rc8 32. Ke3 Kf8 33. h3 h5 34. g4 hxg4 35. hxg4 f6 36. Kf2 Kf7 37. Re1 Re8 38. f4 f5 39. gxf5 Bxf5 40. Re5 g6 41. axb5 axb5 42. Rxb5 Rh8 43. Kg2 Be4+ 44. Kg3 Bf5 45. Ba4 Rh3+ 46. Kg2 Rh5 47. Rxf5+ Rxf5 48. Bxd7 Rxf4 49. Rf2 Rxf2+ 50. Kxf2 Kf6 51. Be8 g5 52. Kf3 e5 53. b4 g4+ 54. Kxg4 e4 55. Kf4 Ke6 56. d7 Ke7 57. Kxe4 Ke6 58. d8R Ke7 1-0

[Event "GER-ch U25-B"]
[Site "Willingen"]
[Date "2023.05.31"]
[Round "6"]
[White "Sensoy, Emir"]
[Black "Meitzner, Johan Eduard"]
[Result "1-0"]
[WhiteElo "1418"]
[BlackElo "1262"]
[PlyCount "55"]
[EventDate "2023.05.27"]
[EventType "swiss"]
[EventRounds "9"]
[EventCountry "GER"]
[SourceTitle "CBM 214 Extra"]
[Source "ChessBase"]
[SourceDate "2023.07.31"]
[SourceVersion "1"]
[SourceVersionDate "2023.07.31"]
[SourceQuality "1"]

1. e4 c5 2. d4 cxd4 3. c3 dxc3 4. Nxc3 Nc6 5. Nf3 d6 6. Bc4 Nf6 7. 0-0 e5 8. Ng5 Be6 9. Nxe6 fxe6 10. Bxe6 Nd4 11. Bb3 Nxb3 12. Qxb3 Be7 13. f3 Qb6+ 14. Qxb6 axb6 15. Be3 Ra6 16. Rfd1 0-0 17. Rac1 Rd8 18. a3 Rd7 19. Nb5 Ra5 20. Nc7 b5 21. Bd2 Ra4 22. Bb4 Bd8 23. Nxb5 d5 24. Nc3 Bb6+ 25. Kh1 Rxb4 26. axb4 Be3 27. Nxd5 Nxd5 28. Rc8+ 1-0

[Event "GER-ch U25-B"]
[Site "Willingen"]
[Date "2023.05.28"]
[Round "1"]
[White "Meitzner, Johan Eduard"]
[Black "Friemel, Tim"]
[Result "0-1"]
[WhiteElo "1262"]
[BlackElo "1692"]
[PlyCount "70"]
[EventDate "2023.05.27"]
[EventType "swiss"]
[EventRounds "9"]
[EventCountry "GER"]
[SourceTitle "CBM 214 Extra"]
[Source "ChessBase"]
[SourceDate "2023.07.31"]
[SourceVersion "1"]
[SourceVersionDate "2023.07.31"]
[SourceQuality "1"]

1. e4 c6 2. Nf3 d5 3. exd5 cxd5 4. Ne5 Nf6 5. d4 g6 6. Bb5+ Bd7 7. Nxd7 Nbxd7 8. Nc3 Bg7 9. Bf4 a6 10. Ba4 Nh5 11. Nxd5 Qa5+ 12. Nc3 Nxf4 13. Bxd7+ Kxd7 14. Qf3 Ne6 15. Qxb7+ Nc7 16. Rb1 Rab8 17. Qe4 Rb4 18. 0-0 Rxd4 19. Rbd1 e5 20. Rxd4+ exd4 21. Ne2 Re8 22. Qd3 Qb5 23. Qh3+ Ne6 24. Nf4 Qf5 25. Qxf5 gxf5 26. Nh5 Rc8 27. Rd1 Rxc2 28. Nxg7 Nxg7 29. Rxd4+ Ke7 30. Kf1 Rxb2 31. Ra4 Rb6 32. Ke2 Kf6 33. Kf3 Ne6 34. Rh4 Rc6 35. Ra4 Ng5+ 0-1

[Event "GER-ch Youth-B"]
[Site "Willingen"]
[Date "2022.06.10"]
[Round "8"]
[White "Laux, Filip"]
[Black "Meitzner, Johan Eduard"]
[Result "1-0"]
[WhiteElo "1395"]
[BlackElo "1396"]
[PlyCount "57"]
[EventDate "2022.06.04"]
[EventType "swiss"]
[EventRounds "9"]
[EventCountry "GER"]
[SourceTitle "CBM 208 Extra"]
[Source "ChessBase"]
[SourceDate "2022.07.31"]
[SourceVersion "1"]
[SourceVersionDate "2022.07.31"]
[SourceQuality "1"]

1. e4 e5 2. Nf3 Nc6 3. Bc4 Bc5 4. c3 Nf6 5. d3 d6 6. Nbd2 a6 7. Bb3 Ba7 8. 0-0 0-0 9. Re1 Ng4 10. Re2 Ne7 11. h3 Nf6 12. Nf1 Ng6 13. Ng3 h6 14. d4 Nf4 15. Bxf4 exf4 16. Nf1 Nh5 17. e5 dxe5 18. Rxe5 Nf6 19. Qd2 c6 20. Rae1 Bd7 21. R5e2 Nh5 22. N1h2 Qc7 23. Ne5 Bf5 24. Nhf3 Qd8 25. Nxf7 Rxf7 26. Ne5 f3 27. Nxf7 Qf6 28. Re8+ Kh7 29. Rxa8 1-0

[Event "GER-ch Youth-B"]
[Site "Willingen"]
[Date "2022.06.09"]
[Round "7"]
[White "Meitzner, Johan Eduard"]
[Black "Bako, Evelin"]
[Result "1-0"]
[WhiteElo "1396"]
[BlackElo "1214"]
[PlyCount "107"]
[EventDate "2022.06.04"]
[EventType "swiss"]
[EventRounds "9"]
[EventCountry "GER"]
[SourceTitle "CBM 208 Extra"]
[Source "ChessBase"]
[SourceDate "2022.07.31"]
[SourceVersion "1"]
[SourceVersionDate "2022.07.31"]
[SourceQuality "1"]

1. e4 e5 2. Nf3 Nf6 3. Nxe5 d6 4. Nf3 Nxe4 5. Nc3 Nxc3 6. dxc3 Be7 7. Bd3 Nc6 8. Be3 Be6 9. Qe2 Qd7 10. 0-0-0 Bf6 11. Kb1 0-0-0 12. Bb5 Rhe8 13. Nd4 Bxd4 14. cxd4 d5 15. Rd3 a6 16. Ba4 Bf5 17. Rb3 Qe6 18. Qd2 Qg6 19. g3 Be4 20. Rc1 Re6 21. Bf4 a5 22. Qc3 Rd7 23. f3 Bxc2+ 24. Qxc2 Qxc2+ 25. Rxc2 Nxd4 26. Bxd7+ Kxd7 27. Rxc7+ Kd8 28. Re3 Rxe3 29. Bxe3 Kxc7 30. Bxd4 g6 31. Kc2 b5 32. a3 a4 33. b4 Kd6 34. Kd3 f5 35. g4 fxg4 36. fxg4 h5 37. gxh5 gxh5 38. Ke3 Ke6 39. Kf4 h4 40. h3 Kf7 41. Ke5 Kg6 42. Kxd5 Kf5 43. Kc5 Ke4 44. Bf2 Kf3 45. Bxh4 Ke3 46. Kxb5 Kd4 47. Kc6 Kc4 48. b5 Kb3 49. b6 Kxa3 50. b7 Ka2 51. b8Q a3 52. Kc5 Ka1 53. Kc4 a2 54. Bf6# 1-0